[Event "Madrid San Viator op-B 30th"]
[Site "Madrid"]
[Date "2018.06.10"]
[Round "9"]
[White "Izquierdo Millan, Cecilio"]
[Black "Sanchez Castro, Daniel"]
[Result "1-0"]
[WhiteElo "1510"]
[BlackElo "1271"]
[PlyCount "109"]
[EventDate "2018.04.08"]
[EventType "swiss"]
[EventRounds "9"]
[EventCountry "ESP"]
[SourceTitle "EXT 2019"]
[Source "ChessBase"]
[SourceDate "2018.10.10"]
[SourceVersion "1"]
[SourceVersionDate "2018.10.10"]
[SourceQuality "1"]

1. e4 c5 2. Nf3 d6 3. d4 cxd4 4. Nxd4 Nf6 5. Nc3 g6 6. Bd3 Bg7 7. Be3 0-0 8. 0-0 a6 9. Qd2 Ng4 10. f3 Nxe3 11. Qxe3 Qb6 12. Nce2 Nc6 13. c3 e5 14. Nc2 Qxe3+ 15. Nxe3 b5 16. Rad1 Bb7 17. b3 Rac8 18. c4 bxc4 19. Bxc4 Bh6 20. Ng4 Bg7 21. Rxd6 Rfd8 22. Rfd1 Nd4 23. Rxd8+ Rxd8 24. Nxd4 exd4 25. Kf1 Kf8 26. Ke2 Bc8 27. h3 a5 28. Ne3 Ke8 29. Nd5 f5 30. exf5 Bxf5 31. g4 Bc2 32. Re1 d3+ 33. Kd2+ Kf8 34. f4 Bd4 35. Re4 Bc5 36. Nc7 Bb4+ 37. Ke3 Rd6 38. Ne6+ Rxe6 39. Rxe6 d2 40. Be2 d1Q 41. Bxd1 Bxd1 42. Rc6 a4 43. bxa4 Ba5 44. Ra6 Bb4 45. a5 Ba4 46. Re6 Bd7 47. Re5 Bc8 48. Rb5 Bd6 49. Rd5 Ke7 50. Rb5 Ba6 51. Rd5 Bc4 52. Rd2 Bb4 53. Rc2 Be6 54. Rc7+ Bd7 55. a6 1-0

[Event "Madrid San Viator op-B 30th"]
[Site "Madrid"]
[Date "2018.06.03"]
[Round "8"]
[White "Baltasar Garza, Antonio"]
[Black "Izquierdo Millan, Cecilio"]
[Result "1-0"]
[WhiteElo "1683"]
[BlackElo "1510"]
[PlyCount "120"]
[EventDate "2018.04.08"]
[EventType "swiss"]
[EventRounds "9"]
[EventCountry "ESP"]
[SourceTitle "EXT 2019"]
[Source "ChessBase"]
[SourceDate "2018.10.10"]
[SourceVersion "1"]
[SourceVersionDate "2018.10.10"]
[SourceQuality "1"]

1. e4 c5 2. c4 e6 3. Nf3 Nc6 4. d4 cxd4 5. Nxd4 Nf6 6. Nxc6 bxc6 7. Bd3 Bc5 8. Bg5 h6 9. Bh4 Be7 10. 0-0 0-0 11. Nd2 d5 12. e5 Nd7 13. Bxe7 Qxe7 14. Nf3 Bb7 15. Re1 Nc5 16. Bf1 Rad8 17. Qc2 Rd7 18. b4 Ne4 19. c5 Rfd8 20. Bd3 Ng5 21. Nd4 f6 22. f4 fxe5 23. Rxe5 Qf6 24. Rf1 Ne4 25. Nxe6 Re8 26. Bxe4 Rxe6 27. Bf5 Rde7 28. Bxe6+ Rxe6 29. Qe2 Kf7 30. Rxe6 Qxe6 31. Qxe6+ Kxe6 32. Re1+ Kf6 33. Kf2 Ba6 34. g4 g6 35. Ke3 Bb5 36. Kd4 a6 37. Re8 Kf7 38. Rb8 Kf6 39. Re8 Kf7 40. Re5 Kf6 41. g5+ hxg5 42. fxg5+ Kf7 43. Re1 Ba4 44. Ke5 Ke7 45. Rf1 Bc2 46. Rf6 Kd7 47. Rf7+ Kc8 48. Kd6 d4 49. Kxc6 Be4+ 50. Kd6 d3 51. Rf2 Bf5 52. Kc6 Be4+ 53. Kb6 Kd7 54. Kxa6 Kc6 55. Rf6+ Kd5 56. Rd6+ Kc4 57. a3 Kc3 58. c6 d2 59. Rxd2 Kxd2 60. c7 Kc3 1-0